000 00280nam a22001217a 4500
008 171024b xxu||||| |||| 00| 0 eng d
041 _aeng
080 _22ND
_a311
100 _a55
101 _aSTA
245 _aINTRODUCTION TO STATISTICAL ANALYSIS
_cDIXON,W.J
942 _2udc
_cBK
999 _c35738
_d35738